Gabler kleines Lexikon Recht

Gespeichert in:
Bibliographische Detailangaben
Weitere Verfasser: Jauch, Gerd
Format: Buch
Sprache:Deutsch
Veröffentlicht: Wiesbaden Gabler 1985
Ausgabe:1. Aufl.
Schlagworte:
Tags: Tag hinzufügen
Keine Tags, Fügen Sie das erste Tag hinzu!

MARC

LEADER 00000nam a2200000 4500
001 c000222
005 20221220081801.5
020 |a 3-409-99155-7 
041 0 |a ger 
044 |a DE 
245 1 0 |a Gabler kleines Lexikon  |b Recht  |c Edit. Gerd Jauch 
250 |a 1. Aufl. 
264 1 |a Wiesbaden  |b Gabler  |c 1985 
300 |a 227 s. 
610 2 0 |a právo 
610 2 0 |a terminológia 
700 1 |a Jauch, Gerd